000 00265nam a2200109Ia 4500
008 190216s9999||||xx |||||||||||||| ||und||
100 _aAbdul Kader Chetuvay
245 0 _aMahakavi Chetuvay Pareekutty
260 _bP K Brothers
650 _aOormakurip
942 _cBK
999 _c24601
_d24601